| 000 | 00576nam a22001817a 4500 | ||
|---|---|---|---|
| 001 | 8900 | ||
| 003 | FISKH | ||
| 005 | 20251030111224.0 | ||
| 008 | 251030b cb ||||| |||| 00| 0 eng d | ||
| 040 |
_aFISKH _bkhr _cFISKH _dFISKH |
||
| 050 | _aPZ7 | ||
| 100 | _aHeang, Nhean | ||
| 245 |
_aសំណួរ-ចម្លើយភាសាខ្មែរថ្នាក់ទី ៤ / _cរៀបរៀងដោយ ញ់ាន់ ហ៊ាង |
||
| 260 | _aភ្នំពេញ : | ||
| 300 |
_a156 pages : _billustrations ; _c14 cm . |
||
| 942 |
_2ddc _cKHB _n0 |
||
| 999 |
_c8900 _d8900 |
||